Pro Wrestling Multiple Choice Trivia #1 - Statistics

General Stats
  • This quiz has been taken 448 times
  • The average score is 10 of 15
Answer Stats
Question Answer % Correct
The name "Montreal Screwjob" refers to which incident? Bret Hart losing the WWF Championship to Shawn Michaels via submission despite never giving up.
94%
Which of these pairs are NOT related? Crash Holly and Molly Holly
84%
Which wrestler's nickname was "The Barber?" Brutus Beefcake
81%
WWE executive John Laurinaitis is the brother of which famous wrestler? Road Warrior Animal
72%
Who has won more Royal Rumble matches than anyone? Stone Cold Steve Austin
72%
Which writer is credited with many good ideas during his tenure with Monday Night Raw, but is also blamed for disastrous and nonsensical stories in WCW and TNA Wrestling? Vince Russo
67%
Who was the first ever inductee to the WWE Hall of Fame? André the Giant
66%
Who was the first former UFC champion to sign with WWF/WWE? Ken Shamrock
64%
Who uses the Ankle Lock as a finishing move? All of the above
61%
What September 2018 independent wrestling event had the largest attendance for a non-WWE wrestling event in North America since the closure of WCW? All In
59%
Which of these is not the same person? Mortis
59%
Who won the WWWF Championship from Bob Backlund in 1979, in a title change that is not officially recognized by WWE? Antonio Inoki
53%
Which of these wrestlers was NOT a member of the Four Horsemen? Mike Rotunda
50%
From whom did Paul Heyman purchase ownership of ECW in 1995? Tod Gordon
47%
Who was the first person to cash in a Money in the Bank contract and fail to win a championship? John Cena
31%
No matching quizzes found
Score Distribution
Percent of People with Each Score
Percentile by Number Answered
Your Score History
You have not taken this quiz